British Culture #4 - Statistics

General Stats
  • This quiz has been taken 160 times
  • The average score is 7 of 10
Answer Stats
Question Answer % Correct
Which 60s group consisted of John, Paul, George and Ringo? The Beatles
98%
Which football team is sometimes nicknamed ‘Spurs’? Tottenham Hotspur
89%
What does the C stand for in the abbreviation BBC? Corporation
84%
What colour is the Circle line on a London Underground map? Yellow
83%
Which mythological English king held court at Camelot? King Arthur
80%
Which traditional dish combines sausages and Yorkshire pudding? {Toad}-in-the-hole
79%
Hamleys, Regents Steet, London, is famous for selling what? Toys
66%
In which English country is The Lake District? Cumbria
56%
Who played lead roles in the sit-coms ‘Porridge’ and ‘Open All Hours’? Ronnie Barker
41%
Which actor appeared in more Carry On films than any other? Kenneth Williams
27%
No matching quizzes found
Score Distribution
Percent of People with Each Score
Percentile by Number Answered
Your Score History
You have not taken this quiz